Rodzaje emocji - Statystyki

Ogólne statystyki
  • Ten quiz został rozwiązany 243 razy
  • Średni wynik to 3 z 6
Statystyki odpowiedzi
Hint Odpowiedź % Poprawnych
2. Smutek
94%
1. Radość
90%
3. Złość
89%
4. Strach
48%
6. Zaskoczenie
18%
5. Wstręt
6%
Nie znaleziono quizów pasujących do podanych kryteriów
Rozkład punktacji
Procent ludzi z każdym wynikiem
Percentyl według liczby udzielonych odpowiedzi
Twoja historia wyników
Nie rozwiązałeś tego quizu